00590nam a2200205 a 4500003000400000005001700004008004100021020001800062050002400080100001600104245006500120260004600185300002100231500001900252521000800271650002200279650004800301700001700349700001800366OSt20140310183627.0120914s19uu xx 00 eng d a9789380252223 aLC 3988 b.J85 2009 aJothi, Arul aPerspectives in special education /cArul Jothi ... [et,al.] aNew Delhi, India :bCentrum Press,c2009. a384 p. :c19 cm. aIncludes index aEDU aSpecial education aSpecial educationxGovernment policyxIndia aBalaji, D.L. aKumari, Meena